Ukraine War quiz - Statistics

General Stats
  • This quiz has been taken 131 times
  • The average score is 9 of 17
Answer Stats
Person/Battle/Town... Date/Additional Info Awnser () % Correct
Illegal Annexation of Crimea and invasion of Donbas Give year 2014
97%
President of Ukraine who became a ukrainian hero Took office in 2019 Volodymyr Zelensky
95%
Declaration of ''Special Military Operation by V. Putin February.... (give day) 2022 24
86%
Recognition By Russia of Luhansk and Donetsk separatists February ... (give day) 2022 22
85%
Capital City that resulted in a battle won by Ukrainians 25 February 2022 to 2 April 2022 Kyiv
83%
Region regrouping Donetsk and Luhansk, in which fierce battles are fought Region name: Donbas
56%
Country supplying attack drones to Russia Iran
56%
Month during which Ukrainian forces recaptured swathes of territory in Karkiv region Month: September
53%
Number of countries that voted against the U.N. resolution condemning Russian invasion give exact number 5
49%
Name of russian PMC used and decimated in Ukraine PMC= Private Military Company Wagner
46%
Crucial Battle for the Airport of Feb 25, 2022 – Apr 1, 2022 Hostomel
38%
US supplied high precision rocket systems acronym (in capital letters) HIMARS
36%
Number (declared by Russian state) of mobilised soldiers Give exact number: 300 000
32%
Biggest supplier of weapons to Ukraine It's surprising Russia
32%
Name of turkish made attack drone supplied to Ukraine Difficult :-) Bayraktar
26%
Commander in chief of Ukrainian Forces First name Valerii Zaluzhnyi
22%
Only regional capital that Russia captured, regained by Ukraine on the 11th of november City name: Kerson
19%
No matching quizzes found
Score Distribution
Percent of People with Each Score
Percentile by Number Answered
Your Score History
You have not taken this quiz